000 07079nam a22003617a 4500
001 0039009
003 KOHA_MİRAKIL
005 20260207003116.0
007 ta
008 121219b2012 tu a|||gr||||#||||0|tur |
020 _a9789751625144
040 _aTR-BiSEU
_btur
_cTR-BiSEU
_erda
041 0 _atur
044 _ctu
050 _aBF109
_b.B65 2012
100 1 _aBolay, Süleyman Hayri.
245 1 _aProf. Dr. Necati Öner'in Fikir Dünyası/
_cSüleyman Hayri Bolay ; Süleyman Hayri Bolay.
264 1 _aAnkara :
_bT.C. Başbakanlık Atatürk Kültür Dil ve Tarih Yüksek Kurumu Atatürk Kültür Merkezi
_c2012
300 _aviii, 189 sayfa :
_bresimli; 19 cm
336 _ametin
_btxt
_2rdacontent
337 _aaracısız
_bn
_2rdamedia
338 _acilt
_bnc
_2rdacarrier
490 0 _aT.C.
490 0 _aBaşbakanlık Atatürk Kültür, Dil ve Tarih Yüksek Kurumu Atatürk Kültür Merkezi Yayını: 422 , Türk Kültüründen Görüntüler Dizisi: 88
505 _aÖn Söz !......................................................................... VII
_x
_x Necati Öner'in Hayatı........................................................................................1
_x
_x Eserleri................................................................... 3
_x
_x Başlıca Fikirleri.........................................................................................................5
_x
_x Felsefe Anlayışı.............................................................................................................5
_x
_x Felsefe ve Toplum...................................................................................................9
_x
_x Felsefeden Beklediklerim..............................................................................15
_x
_x "Felsefe ve İletişim'' Sempozyumunda Yapılan
_x
_x Açış Konuşması....................................................................................................20
_x
_x Mantığa Bakışı............................................................................................................23
_x
_x Mantık Felsefesi Nedir?...............................................................................27
_x
_x Klâsik Mantıkta Modalite / Modal Önermeler.....................32
_x
_x Zihniyetlere Bakışı......................................................................................... 35
_x
_x "Felsefe Kongresi"ni Açış Konuşması..........................................38
_x
_x Tavır ve Zihniyet.......................... 44
_x
_x Zihniyet Farklılıkları ve Kültür.............................................................44
_x
_x İkinci Dereceden Zihniyetler....................................................................45
_x
_x Üç Temel Zihniyet.............................................................................................46
_x
_x Kültür Anlayışı...........................................................................................................51
_x
_x Kültür............................................................................... 55
_x
_x Millî Zihniyet Nedir?.........................................................................................63
_x
_x Varlık Anlayışı............................................................................................................63
_x
_x Allah İnancı..............................................................................................................66
_x
_x Bilgi Anlayışı.................................................................................................................74
_x
_x Dil-Bilgi İlişkisi...........................................................................................................77
_x
_x Dil-Kültür İlişkisi....................................................................................................79
_x
_x Dil......................................................................................................................................80^
_x
_x Dille İlgili Bazı Sorunlarımız................................................................86
_x
_x Bilgi Çeşitleri..............................................................................................................105
_x
_x Dinî Bilgi........................................................................................................................105
_x
_x Niçin Din Öğretimi?...........................................................107
_x
_x Bilimsel Bilgi...............................................................................................................113
_x
_x Sanata Ait Bilgi........................................................................................................113
_x
_x Okkült Bilgi..................................................................................................................115
_x
_x İnsan Hürriyeti Hakkındaki Düşünceleri 115
_x
_x Hürriyet............................................................................................................................116
_x
_x Seçme Hürriyeti.....................................................................................................116
_x
_x Eylem Hürriyeti.....................................................................................................118
_x
_x İnsan Hürriyeti ve İslâm........................................................................122
_x
_x Sorumluluk Anlayışı........................................................................................130
_x
_x Dinî Sorumluluk.................................................................... 130
_x
_x Hukukî Sorumluluk..........................................................................................130
_x
_x Topluma Karşı Sorumluluk..................................................................131
_x
_x Stres ve Dinî İnanç..............................................................................................131
_x
_x Stres ve Dinî İnanç ........................................................................133
_x
_x Aşkın Değer Bunalımı........................................................................... 153
_x
_x Öner'in Ahlâka Bakışı....................................................................................154
_x
_x Değerlendirme...................... 157
_x
_x Felsefe Yapmak ve Necati Öner 162
_x
_x İnsan, Hoca ve Dost Olarak Necati Öner 168
_x
_x Fotoğraflar ............................................................................ 177.
650 0 _aÖner, Necati, 1927--Biyografi.
_972661
650 0 _aBilim adamları--Türk.
_972656
650 0 _aFelsefeciler--Türk.
_972662
650 0 _aBilim adamları--Felsefeciler--Türkiye.
_972663
830 0 _aT.C.
_96297
830 0 _aBaşbakanlık Atatürk Kültür, Dil ve Tarih Yüksek Kurumu Atatürk Kültür Merkezi Yayını: 422 , Türk Kültüründen Görüntüler Dizisi: 88
_972664
942 _2lcc
_cBK
999 _c38886
_d38886